Analysis of labour turnover in JAS-ELMONT, s.r.o. bakalárska práca

Enregistré dans:
Détails bibliographiques
Auteur principal: Kohutová, Mária
Collectivité auteur: Podnikovohospodárska fakulta EU so sídlom v Košiciach. Katedra manažmentu
Autres auteurs: Karabašová, Ľudmila, 1982-
Format: Livre
Langue:anglais
Publié: Košice 2009
Tags: Ajouter un tag
Pas de tags, Soyez le premier à ajouter un tag!

MARC

LEADER 00000nam$a2200000$$$4500
001 0106785
005 20240318114114.4
041 0 |a eng 
044 |a SK 
245 1 0 |a Analysis of labour turnover in JAS-ELMONT, s.r.o.  |b bakalárska práca  |c Mária Kohutová ; škol. Ľudmila Karabašová 
264 1 |a Košice  |c 2009 
300 |a 47 s. 
100 1 |a Kohutová, Mária 
700 1 |a Karabašová, Ľudmila, 1982- 
710 2 |a Podnikovohospodárska fakulta EU so sídlom v Košiciach. Katedra manažmentu